| 000 | 00618nam a2200205 a 4500 | ||
|---|---|---|---|
| 001 | 000027023 | ||
| 005 | 20200930030543.0 | ||
| 008 | 110329s2000 xxua r 000 0 spa d | ||
| 020 | _a0970101023 | ||
| 040 |
_aDO-SdBNP _bspa _cBNPHU |
||
| 082 |
_axxxx _bO99p |
||
| 100 | 1 |
_aOzuna, Marcelino, _d1965- _933502 |
|
| 245 | 1 | 0 |
_aPedro : _b¡a exceso de velocidad! / _cMarcelino Ozuna. |
| 260 |
_aNew Hampshire, Estados Unidos : _bJumas, _c2000. |
||
| 300 |
_axxi, 196 p. : _bil. ; _c18 cm. |
||
| 490 | 1 | _aBiografía | |
| 500 | _aIncluye índice de nombres | ||
| 590 | _aInventariado, 2019/BT | ||
| 830 | 0 |
_aBiografía _954122 |
|
| 999 |
_c26515 _d26515 |
||